| 000 | 00482nam a2200181Ia 4500 | ||
|---|---|---|---|
| 999 |
_c9950 _d9950 |
||
| 003 | OSt | ||
| 005 | 20200122160954.0 | ||
| 008 | 190216s9999||||xx |||||||||||||| ||und|| | ||
| 040 | _coclc | ||
| 082 |
_a339 _bJHI/M |
||
| 100 |
_aJhingan, M L _9469 |
||
| 245 | 0 |
_aMacroeconomic Theory / _cM L Jhingan |
|
| 250 | _a10th ed. | ||
| 260 |
_bKonark Publishers, _c1997. _aDelhi: |
||
| 300 | _a770p | ||
| 650 | _aEconomics | ||
| 942 |
_cBK _2ddc _h339 _iJHI/M _k339 _mJHI/M |
||